Southville International School and Colleges
Your cart is empty.
  • Cart
  • Lists
    Public lists Eva Luna New books Lux_list list_1
    Your lists Log in to create your own lists
  • Log in to your account
  • Your cookies
  • Search history
Southville International School and Colleges
  • Advanced search
  • Recent comments
  • Most popular
  • Libraries

Log in to your account

Log in with GOOGLE


If you do not have an external account, but do have a local account, you can still log in:

  1. Home
  2. MARC view: Essentials of ADHD assessment for children and adolescents /
Normal view MARC view ISBD view

Essentials of ADHD assessment for children and adolescents / (Record no. 275950)

[ view plain ]
MARC details
000 -LEADER
fixed length control field 02694cam a2200397 i 4500
001 - CONTROL NUMBER
control field 17922338
005 - DATE AND TIME OF LATEST TRANSACTION
control field 20140930111457.0
008 - FIXED-LENGTH DATA ELEMENTS--GENERAL INFORMATION
fixed length control field 131029t20142014njua b 001 0 eng
010 ## - LIBRARY OF CONGRESS CONTROL NUMBER
LC control number 2013042705
020 ## - INTERNATIONAL STANDARD BOOK NUMBER
International Standard Book Number 9781118112700 (pbk. : acidfree paper)
020 ## - INTERNATIONAL STANDARD BOOK NUMBER
International Standard Book Number 1118112709 (pbk. : acidfree paper)
040 ## - CATALOGING SOURCE
Original cataloging agency DLC
Language of cataloging eng
Transcribing agency DLC
Description conventions rda
Modifying agency DLC
042 ## - AUTHENTICATION CODE
Authentication code pcc
050 00 - LIBRARY OF CONGRESS CALL NUMBER
Classification number RJ 506.H9
Item number .Sp6592 2014
082 00 - DEWEY DECIMAL CLASSIFICATION NUMBER
Classification number 618.92/8589
084 ## - OTHER CLASSIFICATION NUMBER
Classification number PSY007000
Source of number bisacsh
100 1# - MAIN ENTRY--PERSONAL NAME
Personal name Sparrow, Elizabeth P.
245 10 - TITLE STATEMENT
Title Essentials of ADHD assessment for children and adolescents /
Statement of responsibility, etc Elizabeth P. Sparrow, Drew Erhardt.
260 ## - PUBLICATION, DISTRIBUTION, ETC. (IMPRINT)
Place of publication, distribution, etc U.S.A. :
Name of publisher, distributor, etc John Wiley & Sons, Inc.,
Date of publication, distribution, etc c2014.
300 ## - PHYSICAL DESCRIPTION
Extent xix, 283 pages :
Other physical details illustrations ;
Dimensions 22 cm.
490 0# - SERIES STATEMENT
Series statement Essentials of psychological assessment ;
Volume number/sequential designation 97
504 ## - BIBLIOGRAPHY, ETC. NOTE
Bibliography, etc Includes bibliographical references and index.
505 8# - FORMATTED CONTENTS NOTE
Formatted contents note Machine generated contents note: Foreword Series Preface Preface Acknowledgements Chapter 1 Understanding ADHD Chapter 2 What the DSM-5 says about ADHD Chapter 3 Assessing ADHD: Goals & Guiding Principles Chapter 4 Components of ADHD Assessment Chapter 5 Putting it All Together: Integrating Findings & Drawing Conclusions Chapter 6 Illustrative Case Reports Annotated Bibliography About the Authors.
520 ## - SUMMARY, ETC.
Summary, etc "This indispensable resource provides step-by-step guidelines for conducting a thorough, responsible evaluation for ADHD in children and adolescents. Focusing on the pragmatic needs of the practicing clinician, the authors address not only the broad concepts integral to conducting sound ADHD assessments but also the specifics that will enable practitioners to implement those principles. This essential guide is appropriate for seasoned clinicians who wish to add ADHD evaluations to their practices, as well as new clinicians and graduate students who are developing expertise. "--
650 #0 - SUBJECT ADDED ENTRY--TOPICAL TERM
Topical term or geographic name as entry element Attention-deficit-disordered children.
650 #0 - SUBJECT ADDED ENTRY--TOPICAL TERM
Topical term or geographic name as entry element Attention-deficit disorder in adolescence.
650 #0 - SUBJECT ADDED ENTRY--TOPICAL TERM
Topical term or geographic name as entry element Attention-deficit-disordered children
General subdivision Psychological testing.
650 #0 - SUBJECT ADDED ENTRY--TOPICAL TERM
Topical term or geographic name as entry element Attention-deficit disorder in adolescence
General subdivision Diagnosis.
650 #7 - SUBJECT ADDED ENTRY--TOPICAL TERM
Topical term or geographic name as entry element PSYCHOLOGY / Clinical Psychology.
Source of heading or term bisacsh
700 1# - ADDED ENTRY--PERSONAL NAME
Personal name Erhardt, Drew.
776 08 - ADDITIONAL PHYSICAL FORM ENTRY
Display text Online version:
Main entry heading Sparrow, Elizabeth P.
Title Essentials of ADHD assessment for children and adolescents
Place, publisher, and date of publication Hoboken, New Jersey : Wiley, [2014]
International Standard Book Number 9781118418949
Record control number (DLC) 2013046012
856 42 - ELECTRONIC LOCATION AND ACCESS
Materials specified Cover image
Uniform Resource Identifier <a href="http://catalogimages.wiley.com/images/db/jimages/9781118112700.jpg">http://catalogimages.wiley.com/images/db/jimages/9781118112700.jpg</a>
906 ## - LOCAL DATA ELEMENT F, LDF (RLIN)
a 7
b cbc
c orignew
d 1
e ecip
f 20
g y-gencatlg
942 ## - ADDED ENTRY ELEMENTS (KOHA)
Source of classification or shelving scheme Library of Congress Classification
Koha item type Books
Call number prefix Foreign
Holdings
Withdrawn status Lost status Source of classification or shelving scheme Damaged status Home library Current library Shelving location Date acquired Source of acquisition Cost, normal purchase price Total Checkouts Full call number Barcode Date last seen Price effective from Koha item type
    Library of Congress Classification   College Library College Library Reserve Section 09/30/2014 Library Fund 3396.00   RJ 506.H9 .Sp6592 2014 C18744 05/15/2018 09/30/2014 Books

Essentials of ADHD assessment for children and adolescents /

APA

Sparrow E. P., Erhardt D., . (2014). Essentials of ADHD assessment for children and adolescents. U.S.A: John Wiley & Sons, Inc.

Chicago

Sparrow Elizabeth P, Erhardt Drew, . 2014. Essentials of ADHD assessment for children and adolescents. U.S.A: John Wiley & Sons, Inc.

Harvard

Sparrow E. P., Erhardt D., . (2014). Essentials of ADHD assessment for children and adolescents. U.S.A: John Wiley & Sons, Inc.

MLA

Sparrow Elizabeth P, Erhardt Drew, . Essentials of ADHD assessment for children and adolescents. U.S.A: John Wiley & Sons, Inc. 2014.

  • Place hold
  • Print
  • Cite
  • Add to your cart (remove)
  • Save record
    BIBTEX Dublin Core MARCXML MARC (non-Unicode/MARC-8) MARC (Unicode/UTF-8) MARC (Unicode/UTF-8, Standard) MODS (XML) RIS
  • More searches
    Search for this title in:
    Other Libraries (WorldCat) Other Databases (Google Scholar) Online Stores (Bookfinder.com) Open Library (openlibrary.org)

Exporting to Dublin Core...

SOUTHVILLE LIBRARY

Southville International School and Colleges Library

1281 Tropical Ave. Cor. Luxembourg St., BF Homes International, Las Pinas City

Tel. No. 8256374 / 252358 Loc. 117/146

Powered by Koha